|
|
|
|
| LEADER |
01787nam a2200505 a 4500 |
| 001 |
nkc20102094535 |
| 003 |
CZ PrNK |
| 005 |
20100615073237.0 |
| 007 |
ta |
| 008 |
100402s2010 xr e p 000 0 ruso |
| 015 |
|
|
|a cnb002094535
|
| 020 |
|
|
|a 978-80-7043-873-2
|q (brož.) :
|c Kč 138,00
|
| 035 |
|
|
|a (OCoLC)641506569
|
| 040 |
|
|
|a BOA001
|b cze
|
| 041 |
0 |
|
|a rus
|a cze
|
| 072 |
|
7 |
|a 811.161.1
|x Ruština
|2 Konspekt
|9 11
|
| 072 |
|
7 |
|a 37.016
|x Učební osnovy. Vyučovací předměty. Učebnice
|2 Konspekt
|9 22
|
| 080 |
|
|
|a 811.161.1
|2 MRF
|
| 080 |
|
|
|a 81'367.625
|2 MRF
|
| 080 |
|
|
|a (075.8)
|2 MRF
|
| 080 |
|
|
|a (076.5)
|2 MRF
|
| 100 |
1 |
|
|a Svobodová, Jiřina,
|d 1951-
|7 mzk2004226522
|4 aut
|
| 245 |
1 |
0 |
|a Gramatický proseminář /
|c Jiřina Svobodová
|
| 250 |
|
|
|a 4. vyd.
|
| 260 |
|
|
|a Plzeň :
|b Západočeská univerzita v Plzni,
|c 2010
|
| 300 |
|
|
|a 86 s. ;
|c 30 cm
|
| 500 |
|
|
|a Na obálce pod názvem: Západočeská univerzita v Plzni, Fakulta pedagogická
|
| 500 |
|
|
|a 100 výt.
|
| 504 |
|
|
|a Obsahuje bibliografii
|
| 521 |
8 |
|
|a Určeno pro studenty 1. a 2. roč. FPE
|
| 546 |
|
|
|a Převážně ruský, část. český text
|
| 650 |
0 |
7 |
|a ruština
|7 ph125351
|2 czenas
|
| 650 |
0 |
7 |
|a slovesa
|7 ph164930
|2 czenas
|
| 650 |
0 |
9 |
|a Russian language
|2 eczenas
|
| 650 |
0 |
9 |
|a verbs
|2 eczenas
|
| 655 |
|
7 |
|a učebnice vysokých škol
|7 fd133772
|2 czenas
|
| 655 |
|
7 |
|a praktická cvičení
|7 fd133118
|2 czenas
|
| 655 |
|
9 |
|a textbooks (higher)
|2 eczenas
|
| 655 |
|
9 |
|a problems, exercises, etc
|2 eczenas
|
| 710 |
2 |
|
|a Západočeská univerzita.
|b Pedagogická fakulta
|7 kn20010709437
|
| 910 |
2 |
|
|a BOA001
|b 4-1242.254
|
| 990 |
|
|
|a BK
|
| 995 |
|
|
|a 01
|
| 991 |
|
|
|b 201005
|c NOV
|
| 996 |
6 |
|
|b 2610433162
|c 4-1242.254
|l MZK
|r Sklad / do 1 hodiny
|n 0
|p p.v.
|w 001119516
|u 000010
|a 1
|e BOA001
|j MZK50
|s P
|